All the MCU TV Shows - Statistics

General Stats
  • This quiz has been taken 389 times
  • The average score is 18 of 37
Answer Stats
Year TV Show % Correct
2021 WandaVision
93%
2013 Agents of S.H.I.E.L.D.
87%
2021 Loki
87%
2021 The Falcon and the Winter Soldier
84%
2015 Daredevil
81%
2022 Ms. Marvel
77%
2021 What if?
74%
2017 Iron Fist
72%
2021 Hawkeye
71%
2015 Jessica Jones
71%
2022 Moon Knight
71%
2022 She-Hulk: Attorney at Law
71%
2016 Luke Cage
67%
2017 The Punisher
67%
2023 Echo
61%
2017 The Defenders
59%
2024 Agatha All Along
57%
2015 Agent Carter
54%
2025 Daredevil: Born Again
51%
2025 Ironheart
46%
2023 Secret Invasion
46%
2017 Inhumans
36%
2025 Wonder Man
33%
2018 Cloak & Dagger
32%
2022 I am Groot
32%
2025 Eyes of Wakanda
30%
2017 Runaways
29%
2025 Marvel Zombies
28%
2022 Werewolf by Night
25%
TBD Vision Quest
20%
2022 The Guardians of the Galaxy Holiday Special
16%
2025 Your Friendly Neighbourhood Spider Man
12%
2016 Agents of S.H.I.E.L.D.: Slingshot
7%
TBD Nova
4%
2021 Marvel Studios: Legends
3%
2021 Marvel Studios: Assembled
1%
2023 MPower
0%
No matching quizzes found
Score Distribution
Percent of People with Each Score
Percentile by Number Answered
Your Score History
You have not taken this quiz